[Event "South Wales op 20th"]
[Site "Bridgend"]
[Date "2025.07.08"]
[Round "7"]
[White "McGrath, Ethan"]
[Black "Emblem, Mark"]
[Result "1/2-1/2"]
[WhiteElo "1766"]
[BlackElo "1625"]
[PlyCount "58"]
[EventDate "2025.07.04"]
[EventType "swiss"]
[EventRounds "9"]
[EventCountry "WLS"]
[SourceTitle "CB29_2025"]
[SourceDate "2025.07.16"]
[SourceVersion "1"]
[SourceVersionDate "2025.07.16"]
[SourceQuality "1"]

1. c4 Nf6 2. g3 e6 3. Bg2 Be7 4. e3 0-0 5. Ne2 c6 6. d4 d5 7. b3 Na6 8. 0-0 Nc7 9. Bb2 b6 10. Nbc3 Bb7 11. Qc2 c5 12. Rfd1 Qc8 13. dxc5 Bxc5 14. Na4 Be7 15. cxd5 Ncxd5 16. Qxc8 Raxc8 17. Rac1 Rxc1 18. Rxc1 Rc8 19. Nac3 Nxc3 20. Rxc3 Rxc3 21. Bxc3 Bxg2 22. Bxf6 Bxf6 23. Kxg2 Kf8 24. Kf3 Ke7 25. Ke4 Kd7 26. Nd4 Bxd4 27. exd4 Kd6 28. f4 f5+ 29. Kd3 Kd5 1/2-1/2

[Event "South Wales op 20th"]
[Site "Bridgend"]
[Date "2025.07.06"]
[Round "5"]
[White "McGrath, Ethan"]
[Black "Hariharan, Shambavi"]
[Result "0-1"]
[WhiteElo "1766"]
[BlackElo "1936"]
[PlyCount "92"]
[EventDate "2025.07.04"]
[EventType "swiss"]
[EventRounds "9"]
[EventCountry "WLS"]
[SourceTitle "CB29_2025"]
[SourceDate "2025.07.16"]
[SourceVersion "1"]
[SourceVersionDate "2025.07.16"]
[SourceQuality "1"]

1. c4 e6 2. g3 Nf6 3. Bg2 d5 4. d4 Bb4+ 5. Bd2 Be7 6. Nc3 0-0 7. e3 c6 8. Nge2 b6 9. b3 Bb7 10. 0-0 Nbd7 11. e4 dxe4 12. Nxe4 Nxe4 13. Bxe4 Nf6 14. Bg2 Qc7 15. Nc3 Rfd8 16. Be3 e5 17. d5 Bb4 18. Ne4 Ne8 19. Qg4 Bc8 20. Qh4 f5 21. Bd2 Be7 22. Bg5 Bxg5 23. Nxg5 Nf6 24. dxc6 h6 25. Nh3 Rd4 26. f4 e4 27. Rad1 Rxd1 28. Rxd1 Be6 29. g4 Nxg4 30. Qe1 Qxc6 31. Nf2 Qc5 32. h3 Ne3 33. Rd2 Nxg2 34. Kxg2 e3 35. Rd3 Qc6+ 36. Kg3 exf2 37. Qxf2 Bf7 38. Qd2 Re8 39. Rd6 Qe4 40. Rd8 Rxd8 41. Qxd8+ Kh7 42. Qd7 Bh5 43. Qd5 Qe3+ 44. Kg2 Qxf4 45. h4 Qe4+ 46. Qxe4 fxe4 0-1

[Event "Glorney Cup U18"]
[Site "Hull"]
[Date "2024.07.24"]
[Round "4.5"]
[White "McGrath, Ethan"]
[Black "Singh, Vanik1"]
[Result "1-0"]
[WhiteElo "1730"]
[BlackElo "1664"]
[PlyCount "61"]
[EventDate "2024.07.23"]
[EventType "team-tourn"]
[EventRounds "5"]
[EventCountry "ENG"]
[SourceTitle "CBM 221 Extra"]
[Source "ChessBase"]
[SourceDate "2024.09.30"]
[SourceVersion "1"]
[SourceVersionDate "2024.09.30"]
[SourceQuality "1"]
[WhiteTeam "Wales"]
[BlackTeam "International"]
[WhiteTeamCountry "WLS"]

1. e4 e5 2. f4 exf4 3. Nf3 g5 4. h4 g4 5. Ne5 h5 6. Bc4 Nh6 7. d4 Qf6 8. Nc3 c6 9. 0-0 f3 10. Bg5 Qd6 11. Bxh6 Bxh6 12. Bxf7+ Ke7 13. Qd3 Bg7 14. Bb3 Bxe5 15. dxe5 Qxe5 16. gxf3 Qg3+ 17. Kh1 Qxh4+ 18. Kg1 g3 19. Qd2 d6 20. Rad1 Qf6 21. e5 dxe5 22. Ne4 Qg6 23. Qb4+ Ke8 24. Nd6+ Kd8 25. Nf7+ Kc7 26. Qe7+ Bd7 27. Qxe5+ Kb6 28. Nd6 a6 29. Nc4+ Ka7 30. Qc5+ b6 31. Qxb6# 1-0